Celtic FC Trivia Quiz - Statistics

General Stats
  • This quiz has been taken 340 times
  • The average score is 14 of 25
Answer Stats
Hint Answer % Correct
What year were Celtic founded? 1887
92%
What is the capacity of Celtic Park (nearest 10 000) 60000
89%
Who scored both of Celtic's goals in the 2003 UEFA Cup Final? Henrik Larsson
88%
Who did Celtic play in their first game? Rangers
87%
What is the name of Celtic's iconic Ultras group? Green Brigade
85%
and who was the coach? Jock Stein
80%
As of a 2002 fan vote, who was Celtic's greatest ever player? Jimmy Johnstone
67%
What former Celtic senior player went on to win the 2018/19 Champions League with Liverpool? Virgil van Dijk
65%
Who captained Celtic to European Cup glory in 1967? Billy McNeill
64%
Who scored Barcelona's goal during their 2-1 defeat to Celtic in 2012? Lionel Messi
64%
In what season did Celtic 'Stop the 10'? 1997/98
63%
Which team bottled the 1985/86 league title by losing to Dundee (Celtic won after victory over St Mirren)? Hearts
62%
Who is Celtic's all-time leading scorer? Jimmy McGrory
62%
Who scored the winning goal in 2017's Scottish Cup Final, securing an 'Invincible Treble'? Tom Rogic
53%
Who was Celtic's first manager? Willie Maley
53%
How many league goals did the same player score in a season to win the European Golden Shoe? 35
49%
Who scored a late winner vs Rangers in May 2004 to secure a 'Green and Whitewash'? Chris Sutton
49%
What country does Lubomir Moravcik come from? Slovakia
48%
In what year did Celtic win the Coronation Cup? 1953
47%
What was the score in Celtic's 2011 Scottish Cup 5th round game vs Rangers (birth of the Brooney)? 2-2
45%
By which Irish priest? Brother Walfred
41%
Who scored the final goal in Celtic's 5-1 win against Rangers* in 2016? Stuart Armstrong
29%
Who missed a penalty in Celtic's dramatic 2019 League Cup Final win? Alfredo Morelos
28%
Who finished as Celtic's top scorer in the 09/10 season? Robbie Keane
18%
Who is the youngest player to make a Celtic senior appearance (as of August 2020)? Jack Atchison
3%
No matching quizzes found
Score Distribution
Percent of People with Each Score
Percentile by Number Answered
Your Score History
You have not taken this quiz